რესპირატორული მხარდაჭერა ზოგადი ანესთეზიის პირობებში : (ბიბ.ჩანაწერი № 34649)
[ მარტივი ფორმატი ]
| 000 -ლიდერი | |
|---|---|
| ფიქსირებული სიგრძის საკონტროლო ველი | 01406nam a2200289Ia 4500 |
| 001 - საკონტროლო ნომერი | |
| საკონტროლო ველი | 423 |
| 003 - საკონტროლო ნომრის იდენტიფიკატორი | |
| საკონტროლო ველი | GE_BSU |
| 005 - ბოლო ოპერაციის თარიღი და დრო | |
| საკონტროლო ველი | 20200129104352.0 |
| 008 - ფიქსირებული სიგრძის მონაცემთა ელემენტები - ზოგადი ინფორმაცია | |
| ფიქსირებული სიგრძის საკონტროლო ველი | 181216s2009||||ge |||||||||||||| ||geo|| |
| 040 ## - კატალოგიზაციის წყარო | |
| Transcribing agency | GE_BSU |
| 041 ## - ენის კოდი | |
| Language code of text/sound track or separate title | geo |
| 080 ## - უნივერსალური ათობითი კლასიფიკაციის ინდექსი | |
| Universal Decimal Classification number | 616-089.5(075.8)+516.24-008.4(075.8)+612.2(075.8) რ-46 |
| 245 ## - ცნობა სათაურის შესახებ | |
| Title | რესპირატორული მხარდაჭერა ზოგადი ანესთეზიის პირობებში : |
| Remainder of title | [სახელმძღვ.] / |
| Statement of responsibility, etc | ნოდარ ლებანიძე, სამსონ ქაჯაია, გიორგი გრიგოლია, გიორგი შაიშმელაშვილი. |
| 264 ## - წარმოების, გამოცემის, დისტრიბუციის და სხვა ცნობები | |
| გამოცემის, წარმოების, დისტრიბუციის... ადგილი | თბილისი, |
| გამოცემის, წარმოების, დისტრიბუციის... თარიღი | 2009 |
| 300 ## - ფიზიკური აღწერა | |
| Extent | 172 გვ. |
| Other physical details | ილ. ; |
| Dimensions | 26სმ. |
| 504 ## - BIBLIOGRAPHY, ETC. NOTE | |
| Bibliography, etc | ბიბლიოგრ.: გვ. 167-171. |
| 653 ## - INDEX TERM--UNCONTROLLED | |
| Uncontrolled term | მედიცინა |
| 653 ## - INDEX TERM--UNCONTROLLED | |
| Uncontrolled term | ანესთეზია |
| 653 ## - INDEX TERM--UNCONTROLLED | |
| Uncontrolled term | სუნთქვის უკმარისობა |
| 653 ## - INDEX TERM--UNCONTROLLED | |
| Uncontrolled term | სუნთქვის ორგანოები |
| 700 ## - ADDED ENTRY--PERSONAL NAME | |
| Personal name | ლებანიძე, ნოდარ |
| 9 (RLIN) | 6471 |
| 700 ## - ADDED ENTRY--PERSONAL NAME | |
| Personal name | ქაჯაია, სამსონ |
| 9 (RLIN) | 6472 |
| 700 ## - ADDED ENTRY--PERSONAL NAME | |
| Personal name | გრიგოლია, გიორგი |
| 9 (RLIN) | 6473 |
| 700 ## - ADDED ENTRY--PERSONAL NAME | |
| Personal name | შაიშმელაშვილი, გიორგი |
| Relator term | ავტორი |
| 9 (RLIN) | 6474 |
| 942 ## - ADDED ENTRY ELEMENTS (KOHA) | |
| Koha item type | წიგნი |
| Source of classification or shelving scheme | |
| ჩამოწერის სტატუსი | დაკარგული ეგზემპლარის სტატუსი | კლასიფიკაციის წყარო ან თაროზე გაწყობის სქემა | დაზიანების სტატუსი | არ გაიცემა | მუდმივი მდებარეობა (დაცვის ადგილი) | ამჟამინდელი ადგილსამყოფელი | თაროზე განთავსების ადგილი | შეძენის თარიღი | ღირებულება, შესყიდვის ნორმალური ფასი | სრული შენახვის შიფრი | შტრიხკოდი | ბოლო ოპერაციის თარიღი | ეგზემპლარის მიმდევრობითი ნომერი (კეტერი?) | ფასის ძალაში შესვლის თარიღი | ეგზემპლარის სახეობა | საჯარო შენიშვნა |
|---|---|---|---|---|---|---|---|---|---|---|---|---|---|---|---|---|
| ბათუმის შოთა რუსთაველის სახელმწიფო უნივერსიტეტის მთავარი ბიბლიოთეკა | ბათუმის შოთა რუსთაველის სახელმწიფო უნივერსიტეტის მთავარი ბიბლიოთეკა | წიგნსაცავი | 2018-12-17 | 20.00 | 616-089.5(075.8)+516.24-008.4(075.8)+612.2(075.8) რ-46 | 361 | 2018-12-17 | 361 | 2018-12-17 | წიგნი | 20 ლ. | |||||
| ბათუმის შოთა რუსთაველის სახელმწიფო უნივერსიტეტის მთავარი ბიბლიოთეკა | ბათუმის შოთა რუსთაველის სახელმწიფო უნივერსიტეტის მთავარი ბიბლიოთეკა | წიგნსაცავი | 2018-12-17 | 20.00 | 616-089.5(075.8)+516.24-008.4(075.8)+612.2(075.8) რ-46 | 362 | 2018-12-17 | 362 | 2018-12-17 | წიგნი | 20 ლ. | |||||
| ბათუმის შოთა რუსთაველის სახელმწიფო უნივერსიტეტის მთავარი ბიბლიოთეკა | ბათუმის შოთა რუსთაველის სახელმწიფო უნივერსიტეტის მთავარი ბიბლიოთეკა | წიგნსაცავი | 2018-12-17 | 20.00 | 616-089.5(075.8)+516.24-008.4(075.8)+612.2(075.8) რ-46 | 363 | 2018-12-17 | 363 | 2018-12-17 | წიგნი | 20 ლ. | |||||
| ბათუმის შოთა რუსთაველის სახელმწიფო უნივერსიტეტის მთავარი ბიბლიოთეკა | ბათუმის შოთა რუსთაველის სახელმწიფო უნივერსიტეტის მთავარი ბიბლიოთეკა | წიგნსაცავი | 2018-12-17 | 20.00 | 616-089.5(075.8)+516.24-008.4(075.8)+612.2(075.8) რ-46 | 364 | 2018-12-17 | 364 | 2018-12-17 | წიგნი | 20 ლ. | |||||
| ბათუმის შოთა რუსთაველის სახელმწიფო უნივერსიტეტის მთავარი ბიბლიოთეკა | ბათუმის შოთა რუსთაველის სახელმწიფო უნივერსიტეტის მთავარი ბიბლიოთეკა | წიგნსაცავი | 2018-12-17 | 20.00 | 616-089.5(075.8)+516.24-008.4(075.8)+612.2(075.8) რ-46 | 365 | 2018-12-17 | 365 | 2018-12-17 | წიგნი | 20 ლ. |
